| 000 | 00000nam##2200000za#4500 |
| 001 | 9.667539 |
| 003 | CaOODSP |
| 005 | 20210615123606 |
| 007 | ta |
| 008 | 150407|2006||||xxc||||| f|0| 0 eng|d |
| 020 | |a0-662-49219-6 |
| 040 | |aCaOODSP|beng |
| 041 | |aeng |
| 041 | |afre |
| 043 | |an-cn--- |
| 086 | 1 |aSO2-11/13-2006 |
| 110 | 1 |aCanada. |bGovernor General. |bOffice of the Secretary. |
| 245 | 10|aRegulations governing the award of the Emergency Medical Services Exemplary Service Medal / |cProduced by the Communications and Visitor Services Directorate. |
| 246 | 3 |aThe Canadian honours system |
| 260 | |aOttawa - Ontario : |bGovernor General of Canada. Office of the Secretary |c2006. |
| 300 | |a9p. ; |c23 cm. |
| 563 | |aSoftcover |
| 590 | |a06-50|b2006-12-15 |
| 690 | 07|aDecorations|2gcpds |
| 690 | 07|aEmergency services|2gcpds |
| 690 | 07|aRegulations|2gcpds |
| 776 | 0#|tRèglement concernant l'attribution de la Médaille pour services distingués des services d'urgence médicale |w(CaOODSP)9.675600 |
| 792 | |tRèglement concernant l'attribution de la Médaille pour services distingués des Services d'urgence médicale / |efre|w(CaOODSP)9.667540 |